000 00714nam a22002057a 4500
999 _c13917
_d13917
003 AR-CdUCM
008 190417b ||||| |||| 00| 0 spa d
040 _aMUNICIPALIDAD PROVINCIAL DEL CUSCO
_cBIBLIOTECA MUNICIPAL DEL CUSCO
082 _aC / 370.985 /
_bV75
100 _aVizcarra, Julio A.
_916673
245 _aLa educación en la República /
260 _aCuzco :
_bH.G. Rozas,
_c1965.
300 _a122 páginas ;
_c22 cm.
505 _aContenido: Constitución de 1826 -- Constitución de 1828 -- Constitución de 1834 -- La confederación Perú-Boliviana ...
650 _aEducación
_9460
650 _aLegislación
_92962
650 _aPerú
_935
942 _2ddc
_cLIBROS
945 _aacv
_d2019-04-17